000 00668nam a2200181 i 4500
001 166073
003 ES-MaACL
005 20230906213246.0
008 011011q1918 sp |||| | spa d
040 _aCYL
_bspa
_cCYL
100 1 _aTasín, Nicolás.
_9109361
245 1 3 _aLa Revolución rusa
_b: sus orígenes, caída del zarismo, la revolución de marzo ; El bolchevismo : sus doctrinas, sus hombres, su acción /
_cN. Tasin.
260 _aMadrid :
_bBiblioteca Nueva,
_c[h. 1918?]
300 _a309 p. ;
_c19 cm.
650 0 4 _aComunismo-
_zRusia.
_911225
651 4 _aRusia-
_xHistoria-
_y1917-1921, Revolución.
_99336
852 _aES-MaACL
_jF-10282
_z- Rúst.
999 _c166073
_d166073